Le Nain noir (Record no. 165021)

MARC details
000 -LEADER
campo de control de longitud fija 01167nam a22002775i 4500
001 - NÚMERO DE CONTROL
campo de control 165021
003 - IDENTIFICADOR DE NÚMERO DE CONTROL
campo de control ES-MaACL
005 - FECHA Y HORA DE LA ÚLTIMA TRANSACCIÓN
campo de control 20260629130410.0
008 - DATOS DE LONGITUD FIJA--INFORMACIÓN GENERAL
campo de control de longitud fija 050809s1856 fr | |||||||| ||fre d
040 ## - FUENTE DE CATALOGACIÓN
Centro catalogador/agencia de origen CAM
Lengua de catalogación spa
Centro/agencia transcriptor CAM
100 1# - ENTRADA PRINCIPAL--NOMBRE DE PERSONA
Nombre de persona Scott, Walter,
Títulos y otros términos asociados al nombre Sir,
Fechas asociadas al nombre 1771-1832
9 (RLIN) 104957
245 13 - MENCIÓN DEL TÍTULO
Título Le Nain noir
Resto del título ; Le chateau dangereux /
Mención de responsabilidad, etc. Walter Scott ; traduction nouvelle de Louis Barré ; édition illustrée par Ed. Frère.
260 ## - PUBLICACIÓN, DISTRIBUCIÓN, ETC.
Lugar de publicación, distribución, etc. Paris :
Nombre del editor, distribuidor, etc. a la Librairie Centrale des publications illustrées,
Fecha de publicación, distribución, etc. 1856 (
Fabricante Imprimerie Walder)
300 ## - DESCRIPCIÓN FÍSICA
Extensión 68 p. :
Otras características físicas il. ;
Dimensiones 29 cm.
490 1# - MENCIÓN DE SERIE
Mención de serie Oeuvres illustrées de Walter Scott
490 1# - MENCIÓN DE SERIE
Mención de serie Les veillées littéraires illustrées
597 ## - NOTA DE DESCRIPCIÓN FÍSICA
NOTA DE DESCRIPCIÓN FÍSICA La segunda obra empieza en la p. 29.
597 ## - NOTA DE DESCRIPCIÓN FÍSICA
NOTA DE DESCRIPCIÓN FÍSICA Texto a dos col. con il. intercaladas.
598 ## - NOTA LOCAL
Nota local Segunda serie tomada de cabecera de texto.
700 1# - ENTRADA AGREGADA--NOMBRE PERSONAL
Nombre de persona Barré, Louis,
Fechas asociadas al nombre 1799-1857
9 (RLIN) 25873
700 1# - ENTRADA AGREGADA--NOMBRE PERSONAL
Nombre de persona Frère, Edmonde.
9 (RLIN) 127158
830 0# - PUNTO DE ACCESO ADICIONAL DE SERIE-TÍTULO UNIFORME
Título uniforme Oeuvres illustrées de Walter Scott
9 (RLIN) 222404
830 0# - PUNTO DE ACCESO ADICIONAL DE SERIE-TÍTULO UNIFORME
Título uniforme Les veillées littéraires illustrées
9 (RLIN) 188532
852 ## - LOCALIZACIÓN
Ubicación ES-MaACL
Número de control de estantería Fol-Laf-26
Nota libre -- Rúst.
-- -- Legado de Modesto de La Fuente
Holdings
Estatus retirado Estado de pérdida Estado de daño No para préstamo Colección Biblioteca de origen Biblioteca actual Ubicación en estantería Fecha de adquisición Fuente de adquisición Total de préstamos Signatura topográfica completa Código de barras Visto por última vez Precio de reemplazo Tipo de ítem Koha
        Colección de folletos Biblioteca del Ateneo de Madrid Biblioteca del Ateneo de Madrid Depósito folletos 17/01/2008     Fol-Laf-26 1172991 23/02/2023 23/02/2023 Folleto